Football Transfers of 2024/25 - Statistics

General Stats
  • This quiz has been taken 27 times
  • The average score is 17 of 26
Answer Stats
Team Before Player Team After Fee % Correct
PSG Kylian Mbappe Real Madrid Free Transfer
100%
Man City Julian Alvarez Atletico Madrid 90 Million
96%
Napoli Victor Osimhen Galatasaray Loan Transfer
92%
Napoli Khvicha Kvaratskhelia PSG 70 Million
84%
Crystal Palace Michael Olise Bayern Munich 53 Million
84%
Benfica Joao Neves PSG 59.9 Million
80%
Al-Hilal Neymar Santos Free Transfer
80%
Brentford Ivan Toney Al-Ahli 42 Million
76%
Palmeiras Endrick Real Madrid 47.5 Million
72%
Lille Leny Yoro Man United 62 Million
72%
Real Sociedad Mikel Merino Arsenal 32 Million
72%
Eintracht Frankfurt Omar Marmoush Man City 75 Million
72%
Barcelona Ilkay Gundogan Man City Free Transfer
68%
Aston Villa Jhon Duran Al-Nassr 77 Million
68%
Chelsea Conor Gallagher Atletico Madrid 42 Million
64%
Wolves Pedro Neto Chelsea 60 Million
64%
Rennes Desire Doue PSG 50 Million
60%
Bournemouth Dominic Solanke Tottenham 64.3 Million
60%
Bologna Joshua Zirkzee Man United 42.5 Million
60%
Everton Amadou Onana Aston Villa 59.4 Million
56%
Man City Kyle Walker AC Milan Loan Transfer
56%
Valencia Giorgi Mamardashvili Liverpool 30 Million
52%
Chelsea Romelu Lukaku Napoli 30 Million
48%
Porto Evanilson Bournemouth 37 Million
40%
Lens Abdukodir Khusanov Man City 40 Million
32%
Atalantaa Teun Koopmeiners Juventus 58.4 Million
32%
No matching quizzes found
Score Distribution
Percent of People with Each Score
Percentile by Number Answered
Your Score History
You have not taken this quiz